One Day More Les Mis Lyric Fill-in - Statistics

General Stats
  • This quiz has been taken 1,240 times
  • The average score is 64 of 77
Answer Stats
Hint Answer % Correct
One day _____ more
100%
One day ____ more
100%
One day ____ more
100%
One day ____ more
100%
One day ____ more
100%
One day ____ more
100%
One day ____ more
100%
One day ____! more
100%
Another ___ day
99%
The ___ is here! day
99%
One more ___ day
99%
Will surely come a second ____ time
97%
The ____ is now, time
97%
One more day all on my ___ own
96%
One more day all on my ___ own
96%
I did not live until _____ today
96%
I did not live until _____ today
96%
Will we ever ____ again meet
95%
How can I live when we are ______ parted
94%
How can I live when we are ______ parted
94%
And yet with you my world has ______ started
94%
Do I ______ where she goes? follow
93%
I will ______ where they go follow
93%
One more day with him not _______ caring
92%
Another _______ destiny
92%
But he never saw me _____ there
92%
And yet with you my _____ has started world
92%
I was ____ to be with you born
91%
What a ____ I might have known life
91%
What a ____ I might have known life
91%
Shall I join my _______ there? brothers
90%
They will wet themselves with _____ blood
89%
We will nip it in the ___ bud
89%
We will nip it in the ___ bud
89%
One more day to __________ revolution
89%
One more day to ___________ revolution
89%
And I swear I will be ____ true
89%
These men who seem to know my ______ crime
88%
Catch 'em as they ____ fall
87%
Catch 'em as they ____ fall
87%
When there's a ____ for all free
86%
When there's a ____ for all free
86%
My place is ____ here
86%
I will join these little __________ schoolboys
86%
We'll be ready for these __________ schoolboys
86%
Do you hear the people ____? sing
86%
Tomorrow you'll be _____ away worlds
86%
One more day before the _____ storm
85%
I fight with ___ you
84%
Will you take your _____ with me? place
83%
Do I stay; and do I ____? dare
81%
This never-ending road to _______ Calvary
80%
So they won't ____ much! miss
78%
Raise the ____ of freeom high flag
77%
Never know your ____ luck
77%
Never know your ____ luck
77%
At the __________ of freedom barricades
75%
One day to a new _________ beginning
75%
When our ____ begin to form ranks
74%
Every man will be a ____ king
73%
Every man will be a ____ king
73%
There's a new world to be ___ won
71%
Tomorrow we'll be far _____ away
68%
________ you'll be worlds away Tomorrow
68%
Most of them are _____ goners
67%
There's a new world for the _______ winning
64%
What our ___ in Heaven has in store God
63%
Watch 'em run _____ amuck
62%
Watch 'em run ____ amuck
62%
One more ____ dawn
62%
There a little _____ touch
61%
I will learn their little _______ secrets
60%
Tomorrow is the _________ day judgement
59%
I will ____ the things they ____ know
56%
Here a little ___ dip
54%
Tomorrow we'll ________ discover
53%
I will join these people's _____ heros
32%
No matching quizzes found
Score Distribution
Percent of People with Each Score
Percentile by Number Answered
Your Score History
You have not taken this quiz